Born-Alive Infants Protection Act of 2000 : hearing before the Subcommittee on the Constitution of the Committee on the Judiciary, House of Representatives, One Hundred Sixth Congress, second session, on H.R. 4292, July 20, 2000.

Bibliographic Details
Corporate Author: United States. Congress. House. Committee on the Judiciary. Subcommittee on the Constitution
Format: Government Document Book
Language:English
Published: Washington : U.S. G.P.O. : 2000.
Subjects:
Online Access:https://purl.fdlp.gov/GPO/LPS8072

MARC

Tag First Indicator Second Indicator Subfields
LEADER 00000cam a2200000 a 4500
001 in00001588430
005 20210427133212.0
008 001214s2000 dcu b f000 0 eng c
020 |a 0160644267 
035 |a (OCoLC)ocm45693757 
040 |a GPO  |c GPO  |d DLC  |d MvI  |d UtOrBLW 
042 |a pcc 
043 |a n-us--- 
049 |a UDOC  |a WWW 
074 |a 1020-A 
074 |a 1020-A (online) 
074 |a 1020-B (MF) 
074 |a 1020-B (online) 
086 0 |a Y 4.J 89/1:106/120 
088 |a Serial no. 120 (United States. Congress. House. Committee on the Judiciary) 
110 1 |a United States.  |b Congress.  |b House.  |b Committee on the Judiciary.  |b Subcommittee on the Constitution. 
245 1 0 |a Born-Alive Infants Protection Act of 2000 :  |b hearing before the Subcommittee on the Constitution of the Committee on the Judiciary, House of Representatives, One Hundred Sixth Congress, second session, on H.R. 4292, July 20, 2000. 
246 2 |a Born Alive Infants Protection Act of 2000 
264 1 |a Washington :  |b U.S. G.P.O. :  |c 2000. 
264 2 |a Washington :  |b For sale by the U.S. G.P.O., Supt. of Docs., Congressional Sales Office, 
300 |a iv, 90 pages ;  |c 23 cm. 
336 |a text  |b txt  |2 rdacontent 
337 |a unmediated  |b n  |2 rdamedia 
338 |a volume  |b nc  |2 rdacarrier 
500 |a Distributed to some depository libraries in microfiche. 
500 |a Shipping list number: 2001-0057-P. 
500 |a Shipping List #: 2001-0057-P 
500 |a Shipping List Date: 12/08/2000 
504 |a Includes bibliographical references. 
500 |a "Serial number 120." 
530 |a Also available via Internet from the Judiciary Committee web site. Address as of 1/9/01: http://commdocs.house.gov/committees/judiciary/hju67226.000/hju672260̲f.htm; current access is available via PURL. 
650 0 |a Dilatation and extraction abortion  |x Law and legislation  |z United States. 
650 0 |a Abortion  |x Law and legislation  |z United States. 
650 0 |a Newborn infants  |x Legal status, laws, etc.  |z United States. 
856 4 1 |u https://purl.fdlp.gov/GPO/LPS8072  |t 0 
999 |a MARS 
999 f f |s 63fcab37-264b-3584-a7f4-fc3aa6318e6d  |i aafbc0d1-b5e6-3904-963b-2164af745e59  |t 0 
952 f f |a Texas A&M University  |b College Station  |c Electronic Resources  |d Available Online  |t 0  |e Y 4.J 89/1:106/120  |h Superintendent of Documents classification 
998 f f |a Y 4.J 89/1:106/120  |t 0  |l Available Online